[Event "1st 4NCL Spring Bank Holiday Congress"]
[Site "Basingstoke"]
[Date "2018.05.25"]
[Round "1"]
[Board "1"]
[White "Dilleigh, Stephen P"]
[Black "Nunn, John Dm"]
[Result "0-1"]
[WhiteElo "2056"]
[BlackElo "2579"]
[PlyCount "98"]
[EventDate "2018.05.25"]
[EventRounds "7"]
[EventCountry "ENG"]

1. Nf3 Nf6 2. c4 g6 3. Nc3 Bg7 4. d4 O-O 5. e4 d6 6. Be2 e5 7. Be3 Ng4 8. Bg5
Qe8 9. dxe5 Nxe5 10. Nd4 Na6 11. O-O Be6 12. b3 Nc6 13. Be3 Qd7 14. Rc1 Rae8
15. Qd2 Nxd4 16. Bxd4 f5 17. exf5 Bxf5 18. Bf3 b6 19. Rfe1 Nc5 20. Bxg7 Qxg7
21. Bd5+ Kh8 22. Rxe8 Rxe8 23. Re1 Re5 24. Rxe5 Qxe5 25. f4 Qf6 26. Qe3 Kg7 27.
h3 Bd7 28. g4 Kf8 29. g5 Qf5 30. Qd4 c6 31. Qh8+ Ke7 32. Qxh7+ Kd8 33. Qh8+ Kc7
34. Bg2 Qxf4 35. Qf6 Qg3 36. b4 Bxh3 37. Qf7+ Nd7 38. Qf3 Qxg2+ 39. Qxg2 Bxg2
40. Kxg2 Ne5 41. c5 Nf7 42. cxd6+ Kxd6 43. Ne4+ Ke5 44. Kf3 Kf5 45. Ke3 Nxg5
46. Nd6+ Ke6 47. Nc8 Kd7 48. Nxa7 b5 49. Kf4 Nf7 0-1

[Event "1st 4NCL Spring Bank Holiday Congress"]
[Site "Basingstoke"]
[Date "2018.05.25"]
[Round "1"]
[Board "2"]
[White "Pert, Nicholas"]
[Black "Yoon, Jacob D"]
[Result "1-0"]
[WhiteElo "2543"]
[BlackElo "2022"]
[PlyCount "59"]
[EventDate "2018.05.25"]
[EventRounds "7"]
[EventCountry "ENG"]

1. d4 f5 2. Bg5 g6 3. Nd2 Bg7 4. e3 Nf6 5. h4 Nc6 6. c3 e5 7. d5 Ne7 8. d6 Nc6
9. h5 cxd6 10. Nc4 d5 11. Nd6+ Ke7 12. Qxd5 Qg8 13. Qc5 Kd8 14. h6 b6 15. Qa3
a6 16. Bc4 Qf8 17. hxg7 Qxg7 18. Nf7+ Kc7 19. Qd6+ Kb7 20. Bxf6 Qf8 21. Bxh8
Qxd6 22. Nxd6+ Ka7 23. Rxh7 Na5 24. Bd5 Nc6 25. Bxc6 Rb8 26. Nxc8+ Rxc8 27.
Rxd7+ Kb8 28. Bxe5+ Rc7 29. Rd8+ Ka7 30. Ra8# 1-0

[Event "1st 4NCL Spring Bank Holiday Congress"]
[Site "Basingstoke"]
[Date "2018.05.25"]
[Round "1"]
[Board "3"]
[White "Ahluwalia, Amardip"]
[Black "Merry, Alan B"]
[Result "0-1"]
[WhiteElo "2019"]
[BlackElo "2439"]
[PlyCount "94"]
[EventDate "2018.05.25"]
[EventRounds "7"]
[EventCountry "ENG"]

1. e4 c5 2. Nc3 a6 3. f4 e6 4. g3 b5 5. Bg2 Bb7 6. d3 Nf6 7. Qe2 d5 8. Nd1 dxe4
9. dxe4 c4 10. Nf2 Bc5 11. Be3 Nbd7 12. Bxc5 Nxc5 13. Ngh3 Qa5+ 14. c3 Nb3 15.
Rd1 Qxa2 16. f5 O-O 17. fxe6 fxe6 18. O-O Qa5 19. Rd6 Nc5 20. Nf4 e5 21. Nh5
Nxh5 22. Qxh5 Rae8 23. Rfd1 Qc7 24. Bh3 Re7 25. Bf5 g6 26. Bxg6 Nd3 27. R6xd3
cxd3 28. Bf5 Qc5 29. Rxd3 Bc8 30. Rd5 Qe3 31. Rxe5 Bxf5 32. Rxf5 Rxf5 33. Qxf5
Rf7 34. Qc8+ Kg7 35. Qg4+ Kh6 36. Qe6+ Kg7 37. Qg4+ Kf6 38. Qf5+ Ke7 39. Qe5+
Kd7 40. Qd5+ Ke8 41. Qe6+ Kf8 42. Qc8+ Ke7 43. Qc7+ Kf6 44. Qd6+ Kg7 45. Qe5+
Rf6 46. Qe7+ Kg6 47. Qe8+ Kh6 0-1

[Event "1st 4NCL Spring Bank Holiday Congress"]
[Site "Basingstoke"]
[Date "2018.05.25"]
[Round "1"]
[Board "4"]
[White "Bates, Richard A"]
[Black "Prior, Stephen Cv"]
[Result "1-0"]
[WhiteElo "2371"]
[BlackElo "2014"]
[PlyCount "87"]
[EventDate "2018.05.25"]
[EventRounds "7"]
[EventCountry "ENG"]

1. d4 Nf6 2. Nf3 e6 3. c4 Bb4+ 4. Bd2 a5 5. g3 d6 6. Bg2 Nbd7 7. O-O e5 8. dxe5
dxe5 9. Nc3 O-O 10. Qc2 Qe7 11. Nd5 Nxd5 12. cxd5 Bd6 13. Rac1 h6 14. Nh4 Nb6
15. Nf5 Bxf5 16. Qxf5 Qd7 17. Qd3 f5 18. e4 f4 19. Rc2 g5 20. Rfc1 Rf7 21. gxf4
gxf4 22. Qh3 Qe7 23. Qxh6 Rf6 24. Qg5+ Kf7 25. Kh1 Rh8 26. Bf3 Rfh6 27. Qxe7+
Kxe7 28. Bxa5 Rxh2+ 29. Kg1 R2h3 30. Kg2 Rh2+ 31. Kf1 R8h3 32. Ke2 Na8 33. a4
b6 34. Be1 Bc5 35. b4 Bd4 36. a5 bxa5 37. bxa5 Rh8 38. Rb1 R2h6 39. Rb7 Ra6 40.
Rc1 Rh2 41. Rc6 Rxa5 42. Bxa5 Rxf2+ 43. Ke1 Rxf3 44. d6+ 1-0

[Event "1st 4NCL Spring Bank Holiday Congress"]
[Site "Basingstoke"]
[Date "2018.05.25"]
[Round "1"]
[Board "5"]
[White "Moore, Geoffrey R"]
[Black "Sowray, Peter J"]
[Result "0-1"]
[WhiteElo "2011"]
[BlackElo "2365"]
[PlyCount "62"]
[EventDate "2018.05.25"]
[EventRounds "7"]
[EventCountry "ENG"]

1. e4 c5 2. Nf3 d6 3. Bb5+ Nc6 4. O-O Bd7 5. Re1 a6 6. Bxc6 Bxc6 7. e5 e6 8. d3
Ne7 9. Bg5 h6 10. Bh4 d5 11. Nbd2 g5 12. Bg3 Nf5 13. c4 g4 14. cxd5 Bxd5 15.
Qa4+ Bc6 16. Qxg4 Qxd3 17. Qh5 Be7 18. Rad1 Rd8 19. Nh4 Nxh4 20. Bxh4 Bxh4 21.
Qxh4 Qc2 22. Qf4 Rd4 23. Qe3 Ke7 24. Qc3 Ba4 25. Qf3 Rhd8 26. Qf6+ Ke8 27. Qh8+
Kd7 28. Qxh6 Kc8 29. h4 Qg6 30. Qe3 Bxd1 31. Rxd1 Qc2 0-1

[Event "1st 4NCL Spring Bank Holiday Congress"]
[Site "Basingstoke"]
[Date "2018.05.25"]
[Round "1"]
[Board "6"]
[White "O'Gorman, Tom"]
[Black "Jamroz, Krzysztof"]
[Result "1-0"]
[WhiteElo "2255"]
[BlackElo "2000"]
[PlyCount "71"]
[EventDate "2018.05.25"]
[EventRounds "7"]
[EventCountry "ENG"]

1. e4 c5 2. Ne2 Nc6 3. Nbc3 Nf6 4. d4 cxd4 5. Nxd4 e5 6. Ndb5 d6 7. Bg5 a6 8.
Na3 b5 9. Nd5 Be7 10. Bxf6 Bxf6 11. c3 O-O 12. Nc2 Bg5 13. a4 bxa4 14. Rxa4 a5
15. Bc4 Rb8 16. b3 Kh8 17. Nce3 g6 18. O-O f5 19. Qf3 f4 20. Nc2 h5 21. h3 Be6
22. Rd1 Bh6 23. Na3 Qh4 24. Nc7 Bg4 25. hxg4 hxg4 26. Qd3 g3 27. Qf3 Rf6 28.
Nab5 g5 29. fxg3 fxg3 30. Qxf6+ Bg7 31. Qf5 Qh2+ 32. Kf1 Rf8 33. Bf7 Qh1+ 34.
Ke2 Qxg2+ 35. Kd3 Nd8 36. Ra2 1-0

[Event "1st 4NCL Spring Bank Holiday Congress"]
[Site "Basingstoke"]
[Date "2018.05.25"]
[Round "1"]
[Board "7"]
[White "Benson, Paul J"]
[Black "Jones, Steven A"]
[Result "0-1"]
[WhiteElo "1988"]
[BlackElo "2225"]
[PlyCount "90"]
[EventDate "2018.05.25"]
[EventRounds "7"]
[EventCountry "ENG"]

1. e4 c5 2. Nf3 Nc6 3. d4 cxd4 4. Nxd4 Nf6 5. Nc3 e5 6. Nde2 Bc5 7. Be3 Bxe3 8.
fxe3 O-O 9. Qd2 d6 10. h3 Be6 11. O-O-O Qa5 12. Ng3 Rfd8 13. Kb1 d5 14. Nxd5
Qxd2 15. Rxd2 Nxe4 16. Ne7+ Nxe7 17. Nxe4 Bd5 18. Nc3 Bxa2+ 19. Kc1 Rxd2 20.
Kxd2 Rd8+ 21. Bd3 Be6 22. Ra1 a6 23. e4 Nc6 24. Ke3 Rc8 25. Ra4 Nd4 26. Kd2 Rd8
27. Ke3 g6 28. Ra5 f6 29. Rc5 Rc8 30. Rxc8+ Bxc8 31. Nd5 Kf7 32. c3 Nc6 33. b4
Be6 34. Nc7 Ke7 35. b5 axb5 36. Nxb5 Na5 37. Na3 Kd6 38. Be2 Kc5 39. Nb5 Bc4
40. Nc7 Kd6 41. Ne8+ Ke7 42. Nc7 Kd7 43. Nd5 Bxd5 44. exd5 Kd6 45. g4 Kxd5 0-1

[Event "1st 4NCL Spring Bank Holiday Congress"]
[Site "Basingstoke"]
[Date "2018.05.25"]
[Round "1"]
[Board "8"]
[White "Stewart, Ashley"]
[Black "Ortiz Sanchez, Luis"]
[Result "1/2-1/2"]
[WhiteElo "2166"]
[BlackElo "1953"]
[PlyCount "128"]
[EventDate "2018.05.25"]
[EventRounds "7"]
[EventCountry "ENG"]

1. c4 e5 2. g3 Nc6 3. Nc3 a6 4. Bg2 Bc5 5. e3 Ba7 6. Nf3 d6 7. d4 exd4 8. Nxd4
Nxd4 9. exd4 Nf6 10. O-O O-O 11. Re1 Rb8 12. Qd3 Be6 13. b3 Qd7 14. Bg5 Ng4 15.
Re2 h6 16. Bf4 Nf6 17. Rae1 Rfe8 18. Ne4 Nxe4 19. Rxe4 Kf8 20. Qe2 b5 21. cxb5
Qxb5 22. Qd2 Qh5 23. Be3 Bg4 24. Rxe8+ Rxe8 25. Qc3 Bb6 26. Qc4 Bf3 27. Rc1 Be2
28. Qd5 Qg6 29. Bh3 Qf6 30. Qf5 Qxf5 31. Bxf5 Bf3 32. b4 Ra8 33. a4 a5 34. b5
Re8 35. Bd7 Re7 36. Bc6 Bg4 37. Kg2 Be6 38. d5 Bxe3 39. fxe3 Bf5 40. Kf2 f6 41.
Bb7 Re4 42. Rxc7 Rxa4 43. Bc6 Rb4 44. Ra7 a4 45. Ra8+ Ke7 46. Ra7+ Kf8 47. Ra6
Bd3 48. Ra8+ Ke7 49. Re8+ Kf7 50. Rb8 a3 51. Ra8 Rb2+ 52. Ke1 a2 53. b6 Bc4 54.
b7 Kg6 55. h4 Kf5 56. Ra4 Rb4 57. Ra3 Ke5 58. Kd2 Bxd5 59. Bxd5 Kxd5 60. Rxa2
Rxb7 61. Ra4 Ke5 62. h5 d5 63. Ke2 Rc7 64. Kf3 Rb7 1/2-1/2

[Event "1st 4NCL Spring Bank Holiday Congress"]
[Site "Basingstoke"]
[Date "2018.05.25"]
[Round "1"]
[Board "9"]
[White "Niedbal, Piotr"]
[Black "Stoyanov, Viktor"]
[Result "0-1"]
[WhiteElo "1907"]
[BlackElo "2129"]
[PlyCount "104"]
[EventDate "2018.05.25"]
[EventRounds "7"]
[EventCountry "ENG"]

1. e4 c5 2. Nf3 d6 3. Bb5+ Nd7 4. O-O a6 5. Bd3 Ngf6 6. c3 e6 7. Bc2 c4 8. d4
cxd3 9. Qxd3 Be7 10. c4 b5 11. Re1 bxc4 12. Qxc4 Bb7 13. Nc3 Rc8 14. Qd3 O-O
15. e5 dxe5 16. Nxe5 Nxe5 17. Rxe5 Qxd3 18. Bxd3 Rfd8 19. Bf1 Ng4 20. Re2 Bd6
21. h3 Nh2 22. Be3 Nxf1 23. Rxf1 Bb4 24. Rd2 Rxd2 25. Bxd2 Rd8 26. Be3 e5 27.
Rd1 Rxd1+ 28. Nxd1 f5 29. a3 Bd6 30. Nc3 Kf7 31. b4 Ke6 32. Na4 Kd5 33. Nb6+
Ke4 34. Nd7 Bc8 35. Nb6 Be6 36. Na4 Bc4 37. Nc5+ Kd5 38. Na4 Bb5 39. Nb2 f4 40.
Ba7 e4 41. a4 Be2 42. b5 Be5 43. bxa6 Bxb2 44. Bb8 Bxa6 45. Bxf4 Bd4 46. Bc7
Kc4 47. a5 Kd3 48. Bb8 Ke2 49. Bg3 h6 50. Bh4 g5 51. Bg3 h5 52. h4 g4 0-1

[Event "1st 4NCL Spring Bank Holiday Congress"]
[Site "Basingstoke"]
[Date "2018.05.25"]
[Round "1"]
[Board "10"]
[White "Burrows, Martin P"]
[Black "Rushbrooke, Remy"]
[Result "0-1"]
[WhiteElo "2110"]
[BlackElo "1842"]
[PlyCount "56"]
[EventDate "2018.05.25"]
[EventRounds "7"]
[EventCountry "ENG"]

1. e4 e5 2. Nf3 Nf6 3. Nxe5 d6 4. Nf3 Nxe4 5. Nc3 Nxc3 6. dxc3 Be7 7. Bf4 Nd7
8. Qd2 Nf6 9. Bd3 O-O 10. h3 c5 11. O-O-O Be6 12. c4 b5 13. cxb5 a6 14. bxa6 c4
15. Be2 Rxa6 16. a3 Qa8 17. Qd4 Ra4 18. c3 Ne4 19. Nd2 Nc5 20. Bxd6 Rd8 21.
Qxc5 Bxd6 22. Qg5 h6 23. Qe3 Rxa3 24. Nxc4 Ra1+ 25. Kc2 Qa4+ 26. b3 Qa2+ 27.
Kd3 Bf5+ 28. Kd4 Bf4+ 0-1

[Event "1st 4NCL Spring Bank Holiday Congress"]
[Site "Basingstoke"]
[Date "2018.05.25"]
[Round "1"]
[Board "11"]
[White "Makkar, Rajat"]
[Black "Chapman, Matt"]
[Result "1-0"]
[WhiteElo "1811"]
[BlackElo "2087"]
[PlyCount "69"]
[EventDate "2018.05.25"]
[EventRounds "7"]
[EventCountry "ENG"]

1. d4 d5 2. c4 c6 3. cxd5 cxd5 4. Bf4 Nf6 5. e3 Nc6 6. Nc3 a6 7. Bd3 e6 8. Nf3
Bd6 9. O-O O-O 10. a3 Bxf4 11. exf4 Bd7 12. Na4 Qc7 13. g3 Rfc8 14. Rc1 Qa5 15.
Rc5 b5 16. b3 Be8 17. Qc2 Qd8 18. Nb2 Ne4 19. Bxe4 dxe4 20. Qxe4 Nxd4 21. b4
Nxf3+ 22. Qxf3 Rxc5 23. bxc5 Rc8 24. Nd3 Bc6 25. Qe3 Qd5 26. f3 a5 27. Ne5 Bb7
28. Rc1 f6 29. Ng4 Kf7 30. Kg2 Rd8 31. Nf2 f5 32. Rd1 Qxd1 33. Nxd1 Rxd1 34.
Qe2 Rc1 35. Qd2 1-0

[Event "1st 4NCL Spring Bank Holiday Congress"]
[Site "Basingstoke"]
[Date "2018.05.25"]
[Round "1"]
[Board "12"]
[White "Moore, Gerald"]
[Black "Jukes, Sam"]
[Result "1-0"]
[WhiteElo "2064"]
[BlackElo "1797"]
[PlyCount "41"]
[EventDate "2018.05.25"]
[EventRounds "7"]
[EventCountry "ENG"]

1. Nf3 d5 2. c4 d4 3. g3 Nc6 4. Bg2 Nf6 5. d3 e5 6. O-O Be7 7. b4 Bxb4 8. Nxe5
Nxe5 9. Qa4+ c6 10. Qxb4 Ned7 11. Nd2 c5 12. Qa3 O-O 13. Nb3 Qe7 14. Nxd4 Qe5
15. Nb5 a6 16. Bf4 axb5 17. Qxa8 Qxe2 18. cxb5 Re8 19. Qa5 Ne5 20. Bxe5 b6 21.
Qc3 1-0

[Event "1st 4NCL Spring Bank Holiday Congress"]
[Site "Basingstoke"]
[Date "2018.05.25"]
[Round "1"]
[Board "13"]
[White "Akeya-Price, Robert A"]
[Black "Kopernicky, Martin"]
[Result "1/2-1/2"]
[WhiteElo "1760"]
[BlackElo "2057"]
[PlyCount "56"]
[EventDate "2018.05.25"]
[EventRounds "7"]
[EventCountry "ENG"]

1. d4 Nf6 2. c4 e6 3. Nf3 d5 4. g3 Be7 5. Bg2 O-O 6. Qc2 dxc4 7. Qxc4 a6 8. a4
b5 9. Qb3 Bb7 10. axb5 axb5 11. Rxa8 Bxa8 12. Nbd2 Qd5 13. Qxd5 Bxd5 14. O-O
Nbd7 15. Nb1 b4 16. Bf4 c5 17. dxc5 Nxc5 18. Nd4 Na4 19. b3 Bxg2 20. Kxg2 Nb6
21. Nc6 Nbd5 22. Nxe7+ Nxe7 23. Bd6 Nfd5 24. e4 Rd8 25. Bc5 Rc8 26. Bd6 Rd8 27.
Bc5 Rc8 28. Bd6 Rd8 1/2-1/2

[Event "1st 4NCL Spring Bank Holiday Congress"]
[Site "Basingstoke"]
[Date "2018.05.26"]
[Round "2"]
[Board "1"]
[White "Nunn, John Dm"]
[Black "O'Gorman, Tom"]
[Result "1-0"]
[WhiteElo "2579"]
[BlackElo "2255"]
[PlyCount "101"]
[EventDate "2018.05.25"]
[EventRounds "7"]
[EventCountry "ENG"]

1. e4 c5 2. Nf3 d6 3. d4 cxd4 4. Nxd4 Nf6 5. Nc3 a6 6. Be3 e5 7. Nb3 Be6 8. f3
Be7 9. Qd2 O-O 10. O-O-O a5 11. a4 Nc6 12. g4 Nb4 13. Kb1 Rc8 14. g5 Ne8 15. f4
exf4 16. Bxf4 Nc7 17. h4 d5 18. Bg2 Bg4 19. Rdg1 Qd7 20. exd5 Ne8 21. Qe3 Nd6
22. Bh3 Rxc3 23. Bxg4 Rxe3 24. Bxd7 Re4 25. Bg3 Rd8 26. Bh3 Nc4 27. Re1 Rxe1+
28. Rxe1 Nxd5 29. Re4 b5 30. axb5 Na3+ 31. Kc1 Nxb5 32. c4 Bd6 33. Bxd6 Nxd6
34. Rd4 Nb4 35. Nxa5 Nb7 36. Rxd8+ Nxd8 37. Kd2 Ndc6 38. Nxc6 Nxc6 39. Kc3 Kf8
40. b4 Ke7 41. b5 Nb8 42. c5 f6 43. gxf6+ gxf6 44. Kd4 Kd8 45. Kd5 Kc7 46. b6+
Kb7 47. Kd6 Na6 48. Bg2+ Kc8 49. c6 f5 50. Bh3 h5 51. Bxf5+ 1-0

[Event "1st 4NCL Spring Bank Holiday Congress"]
[Site "Basingstoke"]
[Date "2018.05.26"]
[Round "2"]
[Board "2"]
[White "Stoyanov, Viktor"]
[Black "Pert, Nicholas"]
[Result "0-1"]
[WhiteElo "2129"]
[BlackElo "2543"]
[PlyCount "84"]
[EventDate "2018.05.25"]
[EventRounds "7"]
[EventCountry "ENG"]

1. d4 e6 2. Nf3 f5 3. g3 Nf6 4. Bg2 Be7 5. O-O O-O 6. c4 d6 7. Nc3 Ne4 8. Qc2
Nxc3 9. Qxc3 Bf6 10. Rd1 Qe7 11. Qc2 e5 12. e4 Nc6 13. dxe5 dxe5 14. Bd2 f4 15.
gxf4 exf4 16. Bxf4 Bg4 17. c5 Bxf3 18. Bxf3 Bh4 19. Qb3+ Qf7 20. Qd5 Kh8 21.
Qf5 Qg6+ 22. Qxg6 hxg6 23. Bxc7 Rxf3 24. Bg3 Bxg3 25. hxg3 Raf8 26. Rd2 Ne5 27.
Rad1 Ng4 28. Rd8 Rxf2 29. Rxf8+ Rxf8 30. Rd7 Rb8 31. b4 Nf6 32. Rd6 Re8 33. e5
Rxe5 34. Rd8+ Re8 35. Rd6 Kg8 36. a4 Kf7 37. a5 Re6 38. Rd8 a6 39. Rb8 Re7 40.
Rc8 Nd5 41. c6 Nxb4 42. c7 Ke6 0-1

[Event "1st 4NCL Spring Bank Holiday Congress"]
[Site "Basingstoke"]
[Date "2018.05.26"]
[Round "2"]
[Board "3"]
[White "Merry, Alan B"]
[Black "Moore, Gerald"]
[Result "1-0"]
[WhiteElo "2439"]
[BlackElo "2064"]
[PlyCount "83"]
[EventDate "2018.05.25"]
[EventRounds "7"]
[EventCountry "ENG"]

1. e4 c5 2. Nf3 Nc6 3. Bb5 d6 4. O-O Bd7 5. Re1 Nf6 6. c3 a6 7. Bf1 Bg4 8. d4
cxd4 9. cxd4 d5 10. e5 Ne4 11. h3 Bh5 12. g4 Bg6 13. e6 fxe6 14. Nc3 e5 15.
dxe5 e6 16. Nxe4 dxe4 17. Ng5 Qxd1 18. Rxd1 Nxe5 19. Nxe6 Kf7 20. Ng5+ Kf6 21.
Bg2 Bc5 22. Nxe4+ Bxe4 23. Bxe4 Rad8 24. Bf4 b6 25. g5+ Ke6 26. Re1 Rhf8 27.
Be3 Bxe3 28. Rxe3 Rd2 29. Rae1 Kd6 30. Bb7 Nd3 31. R1e2 Rd1+ 32. Kh2 a5 33.
Re6+ Kc5 34. Rc6+ Kb5 35. a4+ Kxa4 36. Rxb6 Nb4 37. Re3 Rxf2+ 38. Kg3 Rxb2 39.
Bc6+ Nxc6 40. Rxb2 Nb4 41. Re7 Rg1+ 42. Rg2 1-0

[Event "1st 4NCL Spring Bank Holiday Congress"]
[Site "Basingstoke"]
[Date "2018.05.26"]
[Round "2"]
[Board "4"]
[White "Rushbrooke, Remy"]
[Black "Bates, Richard A"]
[Result "1/2-1/2"]
[WhiteElo "1842"]
[BlackElo "2371"]
[PlyCount "33"]
[EventDate "2018.05.25"]
[EventRounds "7"]
[EventCountry "ENG"]

1. Nf3 Nf6 2. c4 e6 3. g3 d5 4. Bg2 Be7 5. O-O O-O 6. d4 Nbd7 7. Nc3 dxc4 8. b3
cxb3 9. Qxb3 c5 10. Rd1 cxd4 11. Nxd4 Nc5 12. Qc4 Bd7 13. Ba3 Rc8 14. Nc6 bxc6
15. Bxc5 Bxc5 16. Qxc5 Qb6 17. Qxb6 1/2-1/2

[Event "1st 4NCL Spring Bank Holiday Congress"]
[Site "Basingstoke"]
[Date "2018.05.26"]
[Round "2"]
[Board "5"]
[White "Colovic, Aleksandar"]
[Black "Makkar, Rajat"]
[Result "1-0"]
[WhiteElo "2440"]
[BlackElo "1811"]
[PlyCount "97"]
[EventDate "2018.05.25"]
[EventRounds "7"]
[EventCountry "ENG"]

1. e4 c6 2. d4 d5 3. exd5 cxd5 4. Bd3 Nc6 5. c3 Qc7 6. h3 Nf6 7. Nf3 g6 8. O-O
Bf5 9. Be2 Bg7 10. Na3 a6 11. Nc2 O-O 12. Ne3 b5 13. Nxf5 gxf5 14. Bd3 e6 15.
Be3 Ne7 16. a4 Rab8 17. Qe2 Ng6 18. Rfb1 Qc6 19. axb5 axb5 20. Ra5 b4 21. c4
dxc4 22. Bxc4 f4 23. Bd2 Qe4 24. Re1 Qxe2 25. Rxe2 Rfc8 26. b3 Nd7 27. h4 Bh6
28. h5 Ne7 29. Ra7 Rd8 30. g4 Nc6 31. Rc7 Na5 32. g5 Nxc4 33. Rxc4 Nb6 34. gxh6
Nxc4 35. bxc4 b3 36. Bc3 f6 37. Rb2 e5 38. Kf1 Rbc8 39. c5 exd4 40. Bxd4 Rxd4
41. Nxd4 Rxc5 42. Rxb3 Rxh5 43. Rb7 Rxh6 44. Kg2 Rh5 45. Kf3 Rh2 46. Ne6 Rh5
47. Rg7+ Kh8 48. Rf7 h6 49. Rxf6 1-0

[Event "1st 4NCL Spring Bank Holiday Congress"]
[Site "Basingstoke"]
[Date "2018.05.26"]
[Round "2"]
[Board "6"]
[White "Kopernicky, Martin"]
[Black "Jackson, James P"]
[Result "0-1"]
[WhiteElo "2057"]
[BlackElo "2364"]
[PlyCount "82"]
[EventDate "2018.05.25"]
[EventRounds "7"]
[EventCountry "ENG"]

1. d4 Nf6 2. c4 e6 3. Nc3 d5 4. e3 Be7 5. Nf3 O-O 6. Qc2 b6 7. cxd5 exd5 8. Bd3
Ba6 9. O-O Bxd3 10. Qxd3 Bb4 11. a3 Bxc3 12. Qxc3 Ne4 13. Qc2 a5 14. b3 a4 15.
b4 Nd6 16. Nd2 Re8 17. Re1 Qd7 18. Bb2 Na6 19. Rac1 Re6 20. Qc6 Qxc6 21. Rxc6
Rae8 22. Rc2 f6 23. Nb1 b5 24. Nc3 c6 25. Rec1 Nc7 26. Nb1 Nc4 27. Nd2 Nxd2 28.
Rxd2 Na8 29. Rdc2 Rc8 30. Re1 Nb6 31. h4 Nc4 32. g3 Rce8 33. Bc1 Kf7 34. Kg2 f5
35. Kf3 Re4 36. Rce2 g6 37. Rc2 Rxd4 38. Ree2 Rd3 39. Ra2 d4 40. Kf4 Re4+ 41.
Kf3 Rd1 0-1

[Event "1st 4NCL Spring Bank Holiday Congress"]
[Site "Basingstoke"]
[Date "2018.05.26"]
[Round "2"]
[Board "7"]
[White "Merriman, John"]
[Black "Ratnesan, Ranesh"]
[Result "1/2-1/2"]
[WhiteElo "2270"]
[BlackElo "2039"]
[PlyCount "61"]
[EventDate "2018.05.25"]
[EventRounds "7"]
[EventCountry "ENG"]

1. d4 Nf6 2. c4 g6 3. f3 Bg7 4. e4 d6 5. Nc3 O-O 6. Bg5 c5 7. d5 Nbd7 8. Nh3 h6
9. Be3 Ne5 10. Nf2 h5 11. Be2 e6 12. O-O exd5 13. cxd5 Rb8 14. h3 a6 15. a4 Re8
16. Qd2 Nh7 17. f4 Nd7 18. g3 h4 19. g4 Ndf8 20. g5 f5 21. gxf6 Nxf6 22. e5
dxe5 23. fxe5 Rxe5 24. Bf4 Nh5 25. Bxh5 gxh5 26. Bxe5 Bxe5 27. Rae1 Bd4 28. Qf4
Bxh3 29. Kh1 Bxf1 30. Rxf1 Nd7 31. Nfe4 1/2-1/2

[Event "1st 4NCL Spring Bank Holiday Congress"]
[Site "Basingstoke"]
[Date "2018.05.26"]
[Round "2"]
[Board "8"]
[White "Dunn, Alan M"]
[Black "Golding, Alex"]
[Result "0-1"]
[WhiteElo "2028"]
[BlackElo "2224"]
[PlyCount "60"]
[EventDate "2018.05.25"]
[EventRounds "7"]
[EventCountry "ENG"]

1. d4 Nf6 2. Bf4 g6 3. Nc3 d5 4. Qd2 Bg7 5. e3 O-O 6. Be2 b6 7. h4 c5 8. h5 Nc6
9. hxg6 fxg6 10. Nf3 Bb7 11. O-O-O e6 12. Ne5 Nd7 13. Bg4 Ndxe5 14. Bxe6+ Nf7
15. Nxd5 Nxd4 16. Bc7 Qe8 17. Bd6 Qxe6 18. Ne7+ Kh8 19. Nxg6+ Qxg6 20. Bxf8
Rxf8 21. exd4 cxd4 22. f3 Bh6 23. f4 Bg7 24. Kb1 Nd6 25. Rhg1 Be4 26. g4 Nc4
27. Qf2 Qd6 28. Qe2 Qb4 29. b3 Bxc2+ 30. Kxc2 Qc3+ 0-1

[Event "1st 4NCL Spring Bank Holiday Congress"]
[Site "Basingstoke"]
[Date "2018.05.26"]
[Round "2"]
[Board "9"]
[White "Villiers, Thomas"]
[Black "Munshi, Aditya"]
[Result "1-0"]
[WhiteElo "2195"]
[BlackElo "1971"]
[PlyCount "85"]
[EventDate "2018.05.25"]
[EventRounds "7"]
[EventCountry "ENG"]

1. Nf3 Nf6 2. c4 b6 3. Nc3 Bb7 4. e3 e6 5. Be2 Be7 6. b3 O-O 7. Bb2 c5 8. O-O
d5 9. d4 Nc6 10. dxc5 bxc5 11. cxd5 exd5 12. Rc1 Qa5 13. Na4 Ne4 14. Qxd5 Nd4
15. Qxb7 Nxe2+ 16. Kh1 Nxf2+ 17. Rxf2 Nxc1 18. Bxc1 Bf6 19. Bd2 Qd8 20. Nxc5
Rb8 21. Qa6 Qd5 22. b4 Rfd8 23. e4 Qh5 24. Qe2 Be7 25. Qc4 a5 26. a3 axb4 27.
axb4 Rbc8 28. Be3 Rd1+ 29. Rf1 Rcd8 30. Bd4 Rxf1+ 31. Qxf1 g5 32. Bg1 g4 33.
Nd4 g3 34. Nf5 Bxc5 35. Nxg3 Rd1 36. Nxh5 Rxf1 37. bxc5 Rc1 38. h3 Kf8 39. Nf6
h6 40. Kh2 Ke7 41. Be3 Re1 42. Nd5+ Ke6 43. c6 1-0

[Event "1st 4NCL Spring Bank Holiday Congress"]
[Site "Basingstoke"]
[Date "2018.05.26"]
[Round "2"]
[Board "10"]
[White "Ortiz Sanchez, Luis"]
[Black "Bukojemski, Adam"]
[Result "0-1"]
[WhiteElo "1953"]
[BlackElo "2194"]
[PlyCount "145"]
[EventDate "2018.05.25"]
[EventRounds "7"]
[EventCountry "ENG"]

1. e4 c5 2. Nc3 e6 3. Nf3 Nc6 4. a3 Nge7 5. d4 cxd4 6. Nxd4 Ng6 7. Be3 Qc7 8.
Qd2 a6 9. Be2 Nce5 10. O-O b5 11. f4 Bb7 12. Kh1 b4 13. axb4 Bxb4 14. Bd3 Nc4
15. Bxc4 Qxc4 16. Qd3 Qc7 17. Nce2 Be7 18. c3 O-O 19. Nc1 f5 20. exf5 Nh4 21.
Rf2 Nxf5 22. Nxf5 Rxf5 23. Nb3 Raf8 24. Nd4 Rh5 25. Qe2 Rh6 26. Nf3 Bd6 27. Ne5
Rhf6 28. Raf1 Rf5 29. Bd4 Be7 30. Qg4 Bf6 31. Qg3 d6 32. Ng4 Bxd4 33. cxd4 Rb5
34. h3 Be4 35. Re1 Qb7 36. Rfe2 Rb3 37. Re3 Rxe3 38. Rxe3 d5 39. Nf2 Bf5 40.
Rb3 Qf7 41. Ng4 Qg6 42. Kh2 Bxg4 43. Qxg4 Qxg4 44. hxg4 Rxf4 45. Rb6 Kf7 46.
Kg3 Rxd4 47. Rxa6 Rb4 48. Ra7+ Kf6 49. g5+ Kxg5 50. Rxg7+ Kf5 51. Rxh7 Rb3+ 52.
Kf2 d4 53. Rf7+ Ke4 54. g4 Rxb2+ 55. Kg3 e5 56. g5 Rb1 57. Kf2 Rb6 58. Rf6 Rb7
59. g6 Rg7 60. Ke2 Kd5 61. Kd3 e4+ 62. Kd2 Ke5 63. Ra6 Rb7 64. Ra5+ Kf4 65. Ra4
d3 66. Ra1 Rc7 67. Rf1+ Ke5 68. Ke3 Rc2 69. Re1 Rg2 70. Ra1 Rg3+ 71. Kf2 Rxg6
72. Ra5+ Kf4 73. Ra8 0-1

[Event "1st 4NCL Spring Bank Holiday Congress"]
[Site "Basingstoke"]
[Date "2018.05.26"]
[Round "2"]
[Board "11"]
[White "Willmoth, Robert F"]
[Black "Gibson, Christopher A"]
[Result "1-0"]
[WhiteElo "2186"]
[BlackElo "1912"]
[PlyCount "79"]
[EventDate "2018.05.25"]
[EventRounds "7"]
[EventCountry "ENG"]

1. d4 Nf6 2. Nf3 g6 3. Bf4 Bg7 4. e3 c5 5. c3 b6 6. h3 O-O 7. Nbd2 d5 8. Be2
Ba6 9. O-O Bxe2 10. Qxe2 Nc6 11. Rfd1 cxd4 12. cxd4 Qd7 13. a3 a6 14. Rac1 Rfc8
15. Rc3 b5 16. Rdc1 Na5 17. Ne5 Qe8 18. Qd3 Rxc3 19. Qxc3 Nc4 20. Nexc4 bxc4
21. b3 cxb3 22. Nxb3 Ne4 23. Qc6 Qxc6 24. Rxc6 e6 25. f3 g5 26. Bh2 Nf6 27. Nc5
a5 28. a4 Bf8 29. Bg3 Ne8 30. Kf2 Kg7 31. Ke2 Kg8 32. Kd3 Kg7 33. e4 dxe4+ 34.
fxe4 Be7 35. d5 Rd8 36. Kc4 exd5+ 37. exd5 Nd6+ 38. Bxd6 Rxd6 39. Rxd6 Bxd6 40.
Nb7 1-0